000 00266nam a2200109Ia 4500
005 20251222114415.0
008 251222s1900||||xx |||||||||||||| ||spa||
082 _aDVD0070/Z77/2000
245 0 _aUn hombre para la eternidad
264 _bColumbia Pictures
942 _cDVD
999 _c2206
_d2206